|
|
|
|
| LEADER |
00000naa2a2200000 4500 |
| 001 |
160272 |
| 005 |
20231031155528.0 |
| 035 |
|
|
|a (RuTPU)RU\TPU\book\173807
|
| 090 |
|
|
|a 160272
|
| 100 |
|
|
|a 20090520d2008 k y0rusy50 ca
|
| 101 |
0 |
|
|a rus
|
| 102 |
|
|
|a RU
|
| 200 |
1 |
|
|a Оценщик без лицензии
|f Н. Г. Чечнева
|g науч. рук. И. В. Кащук
|
| 320 |
|
|
|a Библиогр.: 4 назв.
|
| 461 |
|
1 |
|0 (RuTPU)RU\TPU\book\166087
|t Энергия молодых - экономике России
|o труды IX Международной научно-практической конференции студентов и молодых ученых, г. Томск, 19-22 мая 2008 г.
|f Томский политехнический университет (ТПУ) ; Вольное экономическое общество России ; Международный союз экономистов (МСЭ)
|d 2008
|
| 463 |
|
0 |
|0 (RuTPU)RU\TPU\book\167192
|t Ч. 2
|v С. 314-316
|d 2008
|
| 610 |
1 |
|
|a лицензии
|
| 610 |
1 |
|
|a оценка
|
| 610 |
1 |
|
|a оценочна деятельность
|
| 610 |
1 |
|
|a саморегулируемые организации
|
| 610 |
1 |
|
|a оценщики
|
| 610 |
1 |
|
|a оценочные услуги
|
| 610 |
1 |
|
|a компенсационный фонд
|
| 610 |
1 |
|
|a лицензирование
|
| 610 |
1 |
|
|a контроль
|
| 610 |
1 |
|
|a труды учёных ТПУ
|
| 700 |
|
1 |
|a Чечнева
|b Н. Г.
|
| 702 |
|
1 |
|a Кащук
|b И. В.
|4 727
|
| 801 |
|
1 |
|a RU
|b 63413507
|c 20090520
|g PSBO
|
| 801 |
|
2 |
|a RU
|b 63413507
|c 20161123
|g RCR
|
| 942 |
|
|
|c BK
|